000 01244nam a2200289 i 4500
001 bg
245 0 0 _aSterowanie silników o zapłonie iskrowym :
_bzasada działania, podzespoły : informator techniczny Bosch wydanie 2002 /
_c[tł. z jęz. niem. Krzysztof Wituszyński].
246 _iTyt. oryg.:
_aMotorsteuerung für Ottomotoren
260 _aWarszawa :
_bWydawnictwa Komunikacji i Łączności,
_c2002.
300 _a78 s. :
_bil. ;
_c30 cm.
490 1 _aTechnika Samochodowa
500 _aTyt. oryg.: "Motorsteuerung für Ottomotoren" 2001. - Opis wg okł. Na okł. podtyt.: elektroniczny pedał przyspieszenia EGAS, bezpośredni wtrysk benzyny, katalizator zasobnikowy NOx.
650 9 _aUkład paliwowo-wtryskowy
650 9 _aSilniki spalinowe
_xurządzenia
650 9 _aKatalizatory
655 _aInformatory
700 1 _aWITUSZYŃSKI, Krzysztof.
_eTł.
830 _aTechnika Samochodowa
020 _a8320614163
040 _cBPK
041 1 _apol
_hger
080 _a629.33:621.43(058)
920 _a83-206-1416-3
942 _cKA
008 s pl f |000 0 pol
999 _c35089
_d35089
856 _uhttp://koha.tu.koszalin.pl/cgi-bin/koha/opac-detail.pl?biblionumber=35089
_yKatalog online BPK